000
00267nam a2200097Ia 4500
001
1228033
005
20250827093034.0
008
250824s9999 xx 000 0 und d
245
0
_a
KAYIP YOLCU
_c
NECATİ GÖKSEL
260
_b
ALTIN KİTAPLAR YAYINLARI
999
_c
1228033
_d
1228033